Statistiche per Albo d'Oro Campionato mondiale piloti di Formula 1

Clicka qui per fare il quiz!

Statistiche generali

  • Questo quiz è stato fatto 127 volte
  • Il punteggio medio è 56 su 73

Statistiche sulle risposte

AnnoNazionePilota% Corretto
2008Regno UnitoLewis Hamilton
99%
2020Regno UnitoLewis Hamilton
99%
2019Regno UnitoLewis Hamilton
99%
2018Regno UnitoLewis Hamilton
99%
2017Regno UnitoLewis Hamilton
99%
2015Regno UnitoLewis Hamilton
99%
2014Regno UnitoLewis Hamilton
99%
2022Paesi BassiMax Verstappen
99%
2021Paesi BassiMax Verstappen
99%
2006SpagnaFernando Alonso
98%
2005SpagnaFernando Alonso
98%
2003GermaniaMichael Schumacher
98%
1994GermaniaMichael Schumacher
98%
1995GermaniaMichael Schumacher
98%
2000GermaniaMichael Schumacher
98%
2001GermaniaMichael Schumacher
98%
2002GermaniaMichael Schumacher
98%
2004GermaniaMichael Schumacher
98%
1990BrasileAyrton Senna
95%
1991BrasileAyrton Senna
95%
1988BrasileAyrton Senna
95%
2011GermaniaSebastian Vettel
95%
2013GermaniaSebastian Vettel
95%
2010GermaniaSebastian Vettel
95%
2012GermaniaSebastian Vettel
95%
2007FinlandiaKimi Räikkönen
94%
1982FinlandiaKeke Rosberg
90%
2016GermaniaNico Rosberg
90%
1999FinlandiaMika Häkkinen
89%
1998FinlandiaMika Häkkinen
89%
1977AustriaNiki Lauda
85%
1975AustriaNiki Lauda
85%
1984AustriaNiki Lauda
85%
1993FranciaAlain Prost
84%
1989FranciaAlain Prost
84%
1986FranciaAlain Prost
84%
1985FranciaAlain Prost
84%
1951ArgentinaJuan Manuel Fangio
84%
1954ArgentinaJuan Manuel Fangio
84%
1955ArgentinaJuan Manuel Fangio
84%
1956ArgentinaJuan Manuel Fangio
84%
1957ArgentinaJuan Manuel Fangio
84%
2009Regno UnitoJenson Button
80%
1952ItaliaAlberto Ascari
76%
1953ItaliaAlberto Ascari
76%
1997CanadaJacques Villeneuve
75%
1996Regno UnitoDamon Hill
72%
1962Regno UnitoGraham Hill
72%
1968Regno UnitoGraham Hill
72%
1961Stati UnitiPhill Hill
72%
1950ItaliaNino Farina
69%
1987BrasileNelson Piquet
68%
1983BrasileNelson Piquet
68%
1981BrasileNelson Piquet
68%
1976Regno UnitoJames Hunt
60%
1974BrasileEmerson Fittipaldi
57%
1972BrasileEmerson Fittipladi
57%
1992Regno UnitoNigel Mansell
57%
1959AustrliaJack Brabham
47%
1960AustrliaJack Brabham
47%
1966AustrliaJack Brabham
47%
1971Regno UnitoJackie Stewart
47%
1973Regno UnitoJackie Stewart
47%
1969Regno UnitoJackie Stewart
47%
1978Stati UnitiMario Andretti
44%
1979SudafricaJody Scheckter
41%
1980AustraliaAlan Jones
35%
1963Regno UnitoJim Clark
35%
1965Regno UnitoJim Clark
35%
1958Regno UnitoMike Hawthorn
33%
1970AustriaJochen Rindt
31%
1964Regno UnitoJohn Surtees
28%
1967Nuova ZelandaDenny Hulme
23%

Distribuzione punteggi

Percentile per numero di risposta

Percentuale di utenti per punteggio

I tuoi punteggi nel tempo

Non hai fatto questo quiz